Rappers With "Lil" In Their Name - Statistics

General Stats
  • This quiz has been taken 125 times
    42 since last reset
  • The average score is 22 of 205
Answer Stats
Hint Answer % Correct
Lil B
89%
Lil Wayne
84%
Lil E
68%
Lil C
66%
Lil Baby
63%
Lil Nas X
61%
Lil Pump
61%
Lil Uzi Vert
61%
Lil Z
61%
Lil O
55%
Lil Peep
53%
Lil Tecca
53%
Lil Yachty
53%
Lil John
45%
Lil TJay
42%
Lil Dicky
39%
Lil Durk
39%
Lil Mo
34%
Lil Xan
34%
Lil Mosey
32%
Lil Kim
29%
LIL Kee
24%
Lil Skies
24%
Lil Mabu
18%
Lil Ro
18%
Lil Bow Wow
16%
Lil 1/2 Dead
13%
Lil Aaron
13%
Lil Bibby
13%
Lil Chris
13%
Lil Fame
13%
Lil Fame!!!
13%
Lil Keed
13%
Lil Mama
13%
Lil Reese
13%
Lil Rick
13%
Lil Tracy
13%
Lil AJ
11%
Lil Boosie
11%
Lil Cease
11%
Lil Ceute
11%
Lil Debbie
11%
Lil Eazy-E
11%
Lil Eddie
11%
Lil Flip
11%
Lil Gnar
11%
Lil Jay
11%
Lil Ron
11%
Lil Silvio
11%
Lil Smoke
11%
Lil Snupe
11%
Lil Troy
11%
Lil Ugly Mane
11%
Lil Wil
11%
Lil Wop
11%
Lil Wyte
11%
Lil Zane
11%
Lil Cray
8%
Lil Deuce Deuce
8%
Lil Duke
8%
Lil Duval
8%
Lil Fizz
8%
Lil Happy Lil Sad
8%
Lil Kesh
8%
Lil Louis
8%
Lil Mouse
8%
Lil Phat
8%
Lil Prophet
8%
Lil Ronny Motha F
8%
Lil Ru
8%
Lil Santana
8%
Lil Scrappy
8%
Lil Skeet
8%
Lil Supa
8%
Lil Wicked
8%
Lil Yee
8%
Lil 50
5%
Lil Blood
5%
Lil Boi
5%
Lil Boom
5%
Lil Boss
5%
Lil Boss Hogg
5%
Lil Bo Weep
5%
Lil Coner
5%
Lil Dads
5%
Lil Dread Fdg
5%
Lil Dude
5%
Lil Eazzyy
5%
Lil Fetti Boi
5%
Lil FlaMMe
5%
Lil Gangster
5%
Lil George
5%
Lil Goofy
5%
Lil Gotti
5%
Lil Haiti
5%
Lil Herb
5%
Lil June
5%
Lil Keke
5%
Lil Lippy
5%
Lil Lonnie
5%
Lil Los
5%
Lil Lotus
5%
Lil MG
5%
Lil Mister
5%
Lil MoCo
5%
Lil Noodle
5%
Lil Pete
5%
Lil Pip
5%
Lil Rain
5%
Lil Rob
5%
Lil Roc
5%
Lil Romeo
5%
Lil Rue
5%
Lil Saint
5%
Lil Silva
5%
Lil Skate
5%
Lil Tay
5%
Lil Toenail
5%
Lil Twist
5%
Lil Windex
5%
Lil Yase
5%
Lil Yung Pharaoh
5%
Lil Zay Poppin
5%
Lil Bege
3%
Lil Berete
3%
Lil Blacky
3%
Lil Bran
3%
Lil Brok
3%
Lil Broomstick
3%
Lil Cali
3%
Lil Carchie Lee
3%
Lil Cezer
3%
Lil Cheeze-It
3%
Lil Chuckee
3%
Lil Cobaine
3%
Lil Crazed
3%
Lil Crook
3%
Lil Dash
3%
Lil Donald
3%
Lil Dred
3%
Lil DUSTY G
3%
Lil Fate
3%
Lil Flash
3%
Lil Flex
3%
Lil Geniuz
3%
Lil GiGi
3%
Lil Goldy
3%
Lil Green
3%
Lil Greenwood
3%
Lil Hank
3%
Lil Hookthurius
3%
Lil House Phone
3%
Lil Ice
3%
Lil Jamez
3%
Lil Jezz
3%
Lil Johnnie
3%
Lil Koli
3%
Lil Krew
3%
Lil Larry
3%
Lil Lixo
3%
Lil Mack
3%
Lil Menace
3%
Lil Moncler
3%
Lil Mook
3%
Lil Nasty
3%
Lil Nathan
3%
Lil Nickson
3%
Lil Niqo
3%
Lil Perc
3%
Lil Phag
3%
Lil Playy
3%
Lil Quill
3%
Lil Raider
3%
Lil Rascals Brass Band
3%
LIL Rog
3%
Lil Rufus
3%
Lil Shanice
3%
Lil Sicko
3%
Lil Slugg
3%
Lil Sobbey
3%
Lil Son Jackson
3%
Lil Spacely
3%
Lil Stitch
3%
Lil Suzy
3%
Lil Tae
3%
Lil Tai Z
3%
Lil Talibann
3%
LIL TOOTH
3%
Lil Toro
3%
Lil Traffic
3%
Lil Tray
3%
Lil Triangle
3%
Lil Trill
3%
Lil Tweetie
3%
Lil Twon
3%
Lil Weeble
3%
Lil West
3%
Lil Will
3%
Lil Yogi
3%
Lil Brain
0%
Lil Chriz
0%
Lil Darion
0%
Lil Magdelene
0%
Lil Sheek
0%
Lil Tunezi
0%
No matching quizzes found
Score Distribution
Percent of People with Each Score
Percentile by Number Answered
Your Score History
You have not taken this quiz since the last reset